| 000 | 00700nam a22001811cc4500 | ||
|---|---|---|---|
| 001 | 029611326+3 | ||
| 035 | _a029611326 | ||
| 008 | 170707m19801982gw |||| 000u ger d | ||
| 245 | 0 | 0 |
_a25 Jahre Staatsvertrag _n3 _pProtokolle d. wissenschaftlichen Symposium 16. u. 17. Mai 1980 |
| 264 |
_aWien : _bÖsterreichischer Bundesverl., _c1980 - 1982 |
||
| 300 | _a175 S. | ||
| 246 | 1 | 2 |
_a25 Jahre Staatsvertrag. Protokolle d. wissenschaftlichen Symposium 16. u. 17. Mai 1980 _n3 |
| 773 | 0 | 8 |
_w029611326 _q3 |
| 710 | 2 |
_aBundesministerium fuer Wissenschaft u. Forschung Gemeinsam mit d. Institut fuer Zeitgeschichte d. Universitaet Wien _916954 |
|
| 942 | _cMG | ||
| 040 | _cRU-10907106 | ||
| 003 | RU-10907106 | ||
| 999 |
_c27934 _d27934 |
||